[Event "Gatineau op U2000"]
[Site "Gatineau CAN"]
[Date "2025.04.13"]
[Round "5.26"]
[White "Ng, Wai Ho"]
[Black "Cloutier, Simon"]
[Result "1/2-1/2"]
[WhiteElo "1896"]
[BlackElo "1709"]
[WhiteFideId "-1"]
[WhiteFideId "-1"]
[PlyCount "85"]
[GameId "2172345471747506"]
[EventDate "2025.04.11"]
[EventType "swiss"]
[EventRounds "5"]
[EventCountry "CAN"]

1. d4 e6 2. Nf3 Nf6 3. g3 b5 4. Bg2 Bb7 5. O-O c5 6. e3 Be7 7. a4 a6 8. Qe2 Qb6 9. axb5 axb5 10. Rxa8 Bxa8 11. Na3 Bc6 12. c4 bxc4 13. Qxc4 O-O 14. Ne5 Bxg2 15. Kxg2 cxd4 16. Qxd4 Qxd4 17. exd4 Bxa3 18. bxa3 d6 19. Nc4 d5 20. Ne5 Nbd7 21. Nc6 Ra8 22. Rd1 Kh8 23. Bb2 h6 24. Rc1 g6 25. f3 Kg7 26. g4 Ne8 27. Ne5 Nb6 28. Rc6 Rb8 29. Bc1 Rb7 30. Bd2 f6 31. Ba5 Na4 32. Nd3 Kf7 33. Nf4 Ng7 34. Bb4 g5 35. Nd3 Ne8 36. Kg3 Nc7 37. Kf2 Nb5 38. Ke3 Nb6 39. Nc5 Nc4+ 40. Kd3 Nb2+ 41. Ke3 Nc4+ 42. Kd3 Nb2+ 43. Ke3 1/2-1/2

[Event "Gatineau op U2000"]
[Site "Gatineau CAN"]
[Date "2025.04.13"]
[Round "5.27"]
[White "Mothupi, Tebatso Ephraim"]
[Black "Kiryakov, Marin"]
[Result "1-0"]
[WhiteElo "1765"]
[BlackElo "1884"]
[WhiteFideId "-1"]
[WhiteFideId "-1"]
[PlyCount "58"]
[GameId "2172345471747507"]
[EventDate "2025.04.11"]
[EventType "swiss"]
[EventRounds "5"]
[EventCountry "CAN"]

1. d4 Nf6 2. c4 g6 3. Nf3 Bg7 4. Nc3 d5 5. g3 dxc4 6. Bg2 c5 7. d5 O-O 8. O-O Nfd7 9. Qc2 Nb6 10. e4 Na6 11. a3 Bg4 12. Bf4 Bxf3 13. Bxf3 Nd7 14. Be2 Ne5 15. Bxe5 Bxe5 16. Bxc4 Nc7 17. Rad1 a6 18. f4 Bd4+ 19. Kg2 b5 20. Ba2 Bg7 21. Ne2 Rc8 22. Qxc5 Bxb2 23. e5 Na8 24. Qb4 Rc2 25. Rf2 Qb6 26. Bb1 a5 27. Qb3 Bd4 28. Nxd4 Rxf2+ 29. Kxf2 f6 1-0

[Event "Gatineau op U2000"]
[Site "Gatineau CAN"]
[Date "2025.04.13"]
[Round "5.28"]
[White "Knechtel, Thomas"]
[Black "Brassard, Sylvain"]
[Result "1-0"]
[WhiteElo "1874"]
[BlackElo "1767"]
[WhiteFideId "-1"]
[WhiteFideId "-1"]
[PlyCount "59"]
[GameId "2172345471747508"]
[EventDate "2025.04.11"]
[EventType "swiss"]
[EventRounds "5"]
[EventCountry "CAN"]

1. e4 c5 2. Nf3 g6 3. c3 Nc6 4. d4 cxd4 5. cxd4 Bg7 6. d5 Ne5 7. Nd4 d6 8. f4 Nd7 9. Nc3 Ngf6 10. Be2 Qb6 11. Be3 Nc5 12. Nb3 Nfd7 13. O-O Qb4 14. Bd4 Bxd4+ 15. Qxd4 Qxd4+ 16. Nxd4 Nf6 17. Bb5+ Bd7 18. e5 Nh5 19. exd6 exd6 20. b4 Na6 21. Rae1+ Kd8 22. Bxa6 bxa6 23. Ne4 Re8 24. Nxd6 Rxe1 25. Rxe1 Nxf4 26. Nxf7+ Kc7 27. d6+ Kb6 28. Re7 Be8 29. Ne5 Nd5 30. Nc4# 1-0

[Event "Gatineau op U2000"]
[Site "Gatineau CAN"]
[Date "2025.04.13"]
[Round "5.29"]
[White "Dupont-Mageau, Nicolas"]
[Black "Vanier, Edouard"]
[Result "1-0"]
[WhiteElo "1854"]
[BlackElo "1644"]
[WhiteFideId "-1"]
[WhiteFideId "-1"]
[PlyCount "41"]
[GameId "2172345471747509"]
[EventDate "2025.04.11"]
[EventType "swiss"]
[EventRounds "5"]
[EventCountry "CAN"]

1. e4 c6 2. d4 d5 3. f3 dxe4 4. fxe4 e5 5. Nf3 Bg4 6. Bc4 Nd7 7. c3 Bd6 8. O-O Ngf6 9. Qb3 O-O 10. Qxb7 Nxe4 11. Qxc6 Ndf6 12. Nxe5 Rc8 13. Qb7 Bh5 14. Bb3 Be2 15. Nxf7 Bxh2+ 16. Kxh2 Ng4+ 17. Kg1 Qh4 18. Nd8+ Bc4 19. Bxc4+ Rxc4 20. Rxf8+ Kxf8 21. Qf7# 1-0

[Event "Gatineau op U2000"]
[Site "Gatineau CAN"]
[Date "2025.04.13"]
[Round "5.30"]
[White "Beardall, Ben"]
[Black "Auersperg, Leo"]
[Result "1/2-1/2"]
[WhiteElo "1725"]
[BlackElo "1818"]
[WhiteFideId "-1"]
[WhiteFideId "-1"]
[PlyCount "59"]
[GameId "2172345471747510"]
[EventDate "2025.04.11"]
[EventType "swiss"]
[EventRounds "5"]
[EventCountry "CAN"]

1. e4 c6 2. d4 d5 3. f3 Qb6 4. Nc3 dxe4 5. fxe4 e5 6. Nf3 exd4 7. Nxd4 Bc5 8. Na4 Qa5+ 9. c3 Bd6 10. Nf3 Qc7 11. Qd4 Nd7 12. Qxg7 Be5 13. Nxe5 Qxe5 14. Qxe5+ Nxe5 15. Bf4 Ng6 16. Bd6 Nf6 17. Bd3 Be6 18. Nc5 O-O-O 19. e5 Ng4 20. Nxe6 fxe6 21. Bxg6 hxg6 22. h3 Rh5 23. O-O Nxe5 24. Bxe5 Rxe5 25. Rae1 Rxe1 26. Rxe1 Rd6 27. Kf2 c5 28. Re2 Kd7 29. Ke3 Ke7 30. Rd2 1/2-1/2

[Event "Gatineau op U2000"]
[Site "Gatineau CAN"]
[Date "2025.04.13"]
[Round "5.31"]
[White "Savard, Alexandre"]
[Black "Martinez, Noah"]
[Result "0-1"]
[WhiteElo "1812"]
[BlackElo "1291"]
[WhiteFideId "-1"]
[WhiteFideId "-1"]
[PlyCount "150"]
[GameId "2172345471747511"]
[EventDate "2025.04.11"]
[EventType "swiss"]
[EventRounds "5"]
[EventCountry "CAN"]

1. d4 d5 2. Nc3 c6 3. Bf4 Nf6 4. e3 e6 5. Nf3 Be7 6. Ne5 O-O 7. g4 Nbd7 8. Bd3 Nxe5 9. Bxe5 Nd7 10. Bg3 f6 11. O-O e5 12. Bf5 a5 13. Bxd7 Qxd7 14. dxe5 fxe5 15. Bxe5 Qxg4+ 16. Qxg4 Bxg4 17. f4 Bc5 18. Rae1 Rf5 19. Kf2 Re8 20. Kg3 Bh5 21. e4 dxe4 22. Nxe4 Be7 23. h4 Ref8 24. Nd6 Bxd6 25. Bxd6 R8f6 26. Re5 Rxe5 27. Bxe5 Rf7 28. Kf2 Rd7 29. Ke3 Bf7 30. Rg1 Be6 31. Bd4 g6 32. Re1 Bf5 33. c4 Kf7 34. Rc1 Re7+ 35. Be5 Rd7 36. Bd4 h5 37. Rc3 Re7+ 38. Be5 b6 39. Rb3 Rb7 40. c5 b5 41. Kd4 Rd7+ 42. Bd6 Be6 43. Ra3 a4 44. Ke5 Ra7 45. b3 Ra8 46. b4 Re8 47. Kd4 Kf6 48. Be5+ Kf5 49. Rg3 Rd8+ 50. Ke3 Bf7 51. Rg5+ Ke6 52. Bd4 a3 53. Ke4 Ke7 54. Rg3 Ra8 55. Be5 Bd5+ 56. Kd3 Bxa2 57. Kc2 Bd5 58. Kb1 a2+ 59. Ka1 Ra4 60. Re3 Kf7 61. Bc3 Ra3 62. Bd2 Ra7 63. Bc3 Bc4 64. Re1 Rd7 65. Kb2 Rd3 66. Rh1 Rf3 67. Bd2 Kf6 68. Rg1 Rh3 69. Be1 Rh2+ 70. Ka1 Rc2 71. Bg3 Rc3 72. Bf2 Rb3 73. Bd4+ Kf7 74. f5 gxf5 75. Rg7+ Ke6 0-1

[Event "Gatineau op U2000"]
[Site "Gatineau CAN"]
[Date "2025.04.13"]
[Round "5.32"]
[White "Bastien, Andre"]
[Black "Palsson, Halldor"]
[Result "1-0"]
[WhiteElo "1724"]
[BlackElo "1808"]
[WhiteFideId "-1"]
[WhiteFideId "-1"]
[PlyCount "67"]
[GameId "2172345471747512"]
[EventDate "2025.04.11"]
[EventType "swiss"]
[EventRounds "5"]
[EventCountry "CAN"]

1. Nf3 d5 2. c4 e6 3. b3 Nf6 4. g3 Be7 5. Bg2 O-O 6. O-O c5 7. Bb2 Nc6 8. e3 b6 9. Na3 Bb7 10. Nc2 Qc7 11. cxd5 exd5 12. Rc1 a5 13. a3 Rfd8 14. d4 a4 15. dxc5 bxc5 16. b4 Qb6 17. bxc5 Qxc5 18. Ncd4 Qb6 19. Rb1 Ne4 20. Nf5 Qc7 21. Nxg7 Bxa3 22. Nf5 Bxb2 23. Rxb2 a3 24. Rb3 Ba6 25. Qa1 f6 26. Rxa3 Bxf1 27. Rxa8 Bc4 28. N5d4 Nxd4 29. Nxd4 Rxa8 30. Qxa8+ Kf7 31. Bxe4 dxe4 32. Qxe4 Kg7 33. Nf5+ Kf7 34. Qxc4+ 1-0

[Event "Gatineau op U2000"]
[Site "Gatineau CAN"]
[Date "2025.04.13"]
[Round "5.34"]
[White "Wen, Justin"]
[Black "Yergeau, Simon"]
[Result "1-0"]
[WhiteElo "1596"]
[BlackElo "1676"]
[WhiteFideId "-1"]
[WhiteFideId "-1"]
[PlyCount "47"]
[GameId "2172345471747513"]
[EventDate "2025.04.11"]
[EventType "swiss"]
[EventRounds "5"]
[EventCountry "CAN"]

1. d4 d5 2. Nc3 Nf6 3. Bf4 c6 4. e3 Bf5 5. f3 e6 6. g4 Bg6 7. h4 h5 8. g5 Nfd7 9. Bd3 Bxd3 10. Qxd3 g6 11. O-O-O c5 12. e4 c4 13. Qe2 Nb6 14. Be5 Rg8 15. exd5 Nxd5 16. Qxc4 Ne3 17. Qb5+ Qd7 18. Re1 Nf5 19. d5 a6 20. Qc4 b5 21. Qe4 b4 22. dxe6 Qc6 23. Bxb8 Qxe4 24. Nxe4 1-0

[Event "Gatineau op U2000"]
[Site "Gatineau CAN"]
[Date "2025.04.13"]
[Round "5.35"]
[White "Perkins, Simon"]
[Black "Thibault, Mario"]
[Result "1-0"]
[WhiteElo "1668"]
[BlackElo "1604"]
[WhiteFideId "-1"]
[WhiteFideId "-1"]
[PlyCount "81"]
[GameId "2172345471747514"]
[EventDate "2025.04.11"]
[EventType "swiss"]
[EventRounds "5"]
[EventCountry "CAN"]

1. d4 d6 2. Nf3 Nf6 3. c4 Nbd7 4. Nc3 c6 5. e4 e5 6. Be3 Be7 7. Be2 O-O 8. O-O a6 9. a4 b6 10. g3 Re8 11. Qc2 Qc7 12. Rad1 Nf8 13. Nh4 Bh3 14. Ng2 Ng4 15. Bxg4 Bxg4 16. f3 Bh3 17. Rf2 Ng6 18. f4 exf4 19. Nxf4 Nxf4 20. Bxf4 Bf6 21. Qe2 Rad8 22. Rd3 Qd7 23. Qd2 Qg4 24. Be3 Qd7 25. Bg5 Bxg5 26. Qxg5 Qg4 27. Qe3 Re6 28. Rf4 Qg5 29. Qf2 Rde8 30. Qf3 Rh6 31. Nd1 Be6 32. Ne3 Qa5 33. Rd1 Qxa4 34. d5 cxd5 35. cxd5 Bh3 36. e5 Qd7 37. e6 fxe6 38. dxe6 Qxe6 39. Nd5 Qe2 40. Rf8+ Rxf8 41. Qxe2 1-0

[Event "Gatineau op U2000"]
[Site "Gatineau CAN"]
[Date "2025.04.13"]
[Round "5.36"]
[White "Dukkardt, Vladimir"]
[Black "Rauch, Damian"]
[Result "1/2-1/2"]
[WhiteElo "1772"]
[BlackElo "1577"]
[WhiteFideId "-1"]
[WhiteFideId "-1"]
[PlyCount "66"]
[GameId "2172345471747515"]
[EventDate "2025.04.11"]
[EventType "swiss"]
[EventRounds "5"]
[EventCountry "CAN"]

1. e4 e5 2. Nf3 Nf6 3. Nxe5 d6 4. Nf3 Nxe4 5. Nc3 Nxc3 6. dxc3 Be7 7. Be3 Be6 8. Qd2 Nd7 9. Nd4 O-O 10. Nxe6 fxe6 11. Bd3 Ne5 12. Be2 c6 13. f4 Nd7 14. Bg4 e5 15. O-O-O e4 16. Be6+ Kh8 17. g4 Nb6 18. h4 d5 19. b3 Qd6 20. f5 Qa3+ 21. Kb1 Bf6 22. g5 Na4 23. bxa4 Bxc3 24. Qxc3 Qxc3 25. Bd4 Qb4+ 26. Ka1 c5 27. Be5 d4 28. f6 gxf6 29. gxf6 Qc3+ 30. Kb1 Qb4+ 31. Ka1 Qc3+ 32. Kb1 Qb4+ 33. Ka1 Qc3+ 1/2-1/2

[Event "Gatineau op U2000"]
[Site "Gatineau CAN"]
[Date "2025.04.13"]
[Round "5.37"]
[White "Hum, Justin"]
[Black "Stelmach, Noah"]
[Result "1-0"]
[WhiteElo "1639"]
[BlackElo "1759"]
[WhiteFideId "-1"]
[WhiteFideId "-1"]
[PlyCount "65"]
[GameId "2172345471747516"]
[EventDate "2025.04.11"]
[EventType "swiss"]
[EventRounds "5"]
[EventCountry "CAN"]

1. e4 c6 2. d3 d5 3. Nd2 e5 4. Ngf3 Bd6 5. g3 Nf6 6. Bg2 O-O 7. O-O Re8 8. Re1 Nbd7 9. Qe2 Nf8 10. Nf1 a5 11. a4 h6 12. h3 Qc7 13. N1h2 dxe4 14. dxe4 Be6 15. Nh4 Rad8 16. Be3 Qd7 17. Rad1 Qc8 18. g4 Bc7 19. Qf3 Rxd1 20. Rxd1 Rd8 21. Nf5 Rxd1+ 22. Qxd1 Qd7 23. Qf3 N6h7 24. Nf1 Ng6 25. N1g3 Ng5 26. Bxg5 hxg5 27. Nh5 Nh4 28. Nxh4 gxh4 29. Qe3 Qd8 30. Qf3 g6 31. Nf6+ Kg7 32. g5 Qd2 33. Ne8+ 1-0

[Event "Gatineau op U2000"]
[Site "Gatineau CAN"]
[Date "2025.04.13"]
[Round "5.38"]
[White "Song, Jiacai"]
[Black "Chenier, Raphael"]
[Result "1/2-1/2"]
[WhiteElo "1662"]
[BlackElo "1701"]
[WhiteFideId "-1"]
[WhiteFideId "-1"]
[PlyCount "36"]
[GameId "2172345471747517"]
[EventDate "2025.04.11"]
[EventType "swiss"]
[EventRounds "5"]
[EventCountry "CAN"]

1. d4 Nf6 2. c4 g6 3. Nc3 d5 4. Nf3 Bg7 5. e3 O-O 6. h3 c5 7. b3 cxd4 8. Nxd4 Nc6 9. Nxc6 bxc6 10. Bb2 Qa5 11. Qd2 Be6 12. cxd5 Rfd8 13. Ne4 Qxd2+ 14. Nxd2 cxd5 15. Bd3 Rac8 16. Nf3 Rc7 17. Kd2 Rdc8 18. Rac1 Rxc1 1/2-1/2

[Event "Gatineau op U2000"]
[Site "Gatineau CAN"]
[Date "2025.04.13"]
[Round "5.39"]
[White "Audouze, Oscar"]
[Black "Tse, Chun Wing"]
[Result "1/2-1/2"]
[WhiteElo "1616"]
[BlackElo "1664"]
[WhiteFideId "-1"]
[WhiteFideId "-1"]
[PlyCount "88"]
[GameId "2172345471747518"]
[EventDate "2025.04.11"]
[EventType "swiss"]
[EventRounds "5"]
[EventCountry "CAN"]

1. d4 Nf6 2. c4 g6 3. Nc3 Bg7 4. e4 d6 5. Nf3 O-O 6. Be2 Nbd7 7. O-O e5 8. h3 exd4 9. Nxd4 Re8 10. f3 Nh5 11. Be3 Nc5 12. Qd2 Ne6 13. Rfd1 Nxd4 14. Bxd4 Bxd4+ 15. Qxd4 Qg5 16. Nd5 Bxh3 17. Bf1 Rac8 18. g4 Bxg4 19. fxg4 Qxg4+ 20. Bg2 Re5 21. Rd2 Rce8 22. Re1 c6 23. Nc3 f5 24. Qd3 d5 25. cxd5 cxd5 26. Nxd5 Rxe4 27. Rxe4 Rxe4 28. Ne3 Qg3 29. Qd8+ Kg7 30. Rd7+ Kh6 31. Nxf5+ gxf5 32. Rd6+ Kg7 33. Qc7+ Kf8 34. Rd8+ Re8 35. Qc5+ Kf7 36. Qd5+ Re6 37. Qd7+ Re7 38. Qd5+ Re6 39. Qd7+ Re7 40. Qd5+ Re6 41. Qxf5+ Nf6 42. Rd7+ Re7 43. Rxe7+ Kxe7 44. Qc5+ Ke6 1/2-1/2

[Event "Gatineau op U2000"]
[Site "Gatineau CAN"]
[Date "2025.04.13"]
[Round "5.41"]
[White "Radia, Anuj"]
[Black "Giroux, Robert"]
[Result "0-1"]
[WhiteElo "1673"]
[BlackElo "1826"]
[WhiteFideId "-1"]
[WhiteFideId "-1"]
[PlyCount "150"]
[GameId "2172345471747519"]
[EventDate "2025.04.11"]
[EventType "swiss"]
[EventRounds "5"]
[EventCountry "CAN"]

1. e4 d5 2. exd5 Qxd5 3. Nc3 Qa5 4. d4 Nf6 5. Nf3 Bf5 6. Bc4 e6 7. O-O Nbd7 8. Bd2 c6 9. Nd5 Qd8 10. Ne3 Bg6 11. c3 Bd6 12. Qe2 O-O 13. Bd3 Bxd3 14. Qxd3 e5 15. Ng5 h6 16. Nf5 Bc7 17. Ne4 Nxe4 18. Qxe4 Qf6 19. Qg4 Kh8 20. Bxh6 gxh6 21. Nxh6 Qxh6 22. Qxd7 Rac8 23. f4 exf4 24. Rf3 Qe6 25. Rh3+ Kg7 26. Qxe6 fxe6 27. Re1 Rce8 28. Kf2 Rh8 29. Rxh8 Kxh8 30. Kf3 Kg7 31. Re4 Kf6 32. g4 fxg3 33. hxg3 Rg8 34. g4 Rg6 35. c4 Rg5 36. b4 Bd6 37. c5 Bc7 38. a4 a6 39. a5 e5 40. Ke3 exd4+ 41. Rxd4 Rd5 42. Rc4 Kg5 43. Kf3 Rd3+ 44. Kf2 Bf4 45. Re4 Rb3 46. Rc4 Kxg4 47. Re4 Rb2+ 48. Kf1 Kf3 49. Re1 Be3 50. Rd1 Rxb4 51. Ra1 Rc4 52. Ke1 Rc1+ 53. Rxc1 Bxc1 54. Kd1 Be3 55. Kc2 Bxc5 56. Kb3 Bd4 57. Kc4 Ke4 58. Kb3 Kd5 59. Kb4 Bf2 60. Kb3 Be1 61. Ka4 c5 62. Kb3 Bxa5 63. Ka3 b5 64. Kb2 c4 65. Kc2 b4 66. Kc1 Bb6 67. Kb1 Bd4 68. Kc2 b3+ 69. Kb1 a5 70. Kc1 a4 71. Kb1 a3 72. Kc1 a2 73. Kd2 a1=Q 74. Ke2 Ke4 75. Kd2 Qc3+ 0-1

[Event "Gatineau op U2000"]
[Site "Gatineau CAN"]
[Date "2025.04.13"]
[Round "5.42"]
[White "Tan, Shuwen"]
[Black "Echavarria-Hidalgo, Fernando"]
[Result "1-0"]
[WhiteElo "1699"]
[BlackElo "1780"]
[WhiteFideId "-1"]
[WhiteFideId "-1"]
[PlyCount "61"]
[GameId "2172345471747520"]
[EventDate "2025.04.11"]
[EventType "swiss"]
[EventRounds "5"]
[EventCountry "CAN"]

1. Nf3 d5 2. g3 Nc6 3. d4 g6 4. Bg2 Bg7 5. O-O Nf6 6. c4 e6 7. Nc3 O-O 8. Bf4 a6 9. Ne5 Ne7 10. Qd2 c6 11. Bh6 dxc4 12. Bxg7 Kxg7 13. e4 b5 14. Qe3 Qc7 15. f4 Rb8 16. g4 Nd7 17. Rf2 Nxe5 18. dxe5 Qb6 19. Qg3 Rd8 20. f5 exf5 21. gxf5 Bxf5 22. exf5 Nxf5 23. Qg5 Nh6 24. Raf1 Rb7 25. Kh1 Rdd7 26. Ne4 Qd8 27. e6 Qxg5 28. Nxg5 fxe6 29. Nxe6+ Kh8 30. Rf8+ Ng8 31. Rxg8+ 1-0

[Event "Gatineau op U2000"]
[Site "Gatineau CAN"]
[Date "2025.04.13"]
[Round "5.43"]
[White "Zhu, Edison"]
[Black "Aravinthan, Adhvik"]
[Result "1-0"]
[WhiteElo "1754"]
[BlackElo "1599"]
[WhiteFideId "-1"]
[WhiteFideId "-1"]
[PlyCount "71"]
[GameId "2172345471747521"]
[EventDate "2025.04.11"]
[EventType "swiss"]
[EventRounds "5"]
[EventCountry "CAN"]

1. d4 d5 2. c4 e6 3. Nf3 Nf6 4. g3 Bb4+ 5. Bd2 Bxd2+ 6. Nbxd2 Nc6 7. Bg2 Bd7 8. O-O O-O 9. Re1 Re8 10. e4 dxe4 11. Nxe4 Nxe4 12. Rxe4 Ne7 13. Ne5 Nf5 14. Rf4 Rb8 15. Be4 Nh6 16. Qf3 f5 17. Bxb7 g5 18. Bc6 Bxc6 19. Nxc6 Qf6 20. Nxb8 Rxb8 21. Re4 Rxb2 22. Rae1 Rb6 23. d5 exd5 24. Re8+ Kg7 25. Qxd5 Nf7 26. R8e7 f4 27. Qd7 Rd6 28. Qxc7 Rc6 29. Qxa7 Ra6 30. Qb7 Rb6 31. Qd5 Rd6 32. Rxf7+ Kg6 33. Rxf6+ Kxf6 34. Qxd6+ Kg7 35. Re7+ Kh8 36. Qd8# 1-0

[Event "Germain Laplante U1900"]
[Site "Chambly CAN"]
[Date "2025.05.16"]
[Round "1.17"]
[White "Tse, Chun Wing"]
[Black "Hartner, Rian"]
[Result "1-0"]
[WhiteElo "1671"]
[BlackElo "1893"]
[WhiteFideId "-1"]
[WhiteFideId "-1"]
[PlyCount "76"]
[GameId "2186576132237913"]
[EventDate "2025.05.16"]
[EventType "swiss"]
[EventRounds "5"]
[EventCountry "CAN"]

1. d4 Nf6 2. c4 c5 3. d5 b5 4. Qc2 g6 5. e4 d6 6. cxb5 Bg7 7. Nc3 O-O 8. Nf3 a6 9. a4 Nbd7 10. h3 Ne8 11. Be2 Bb7 12. O-O Nc7 13. Bf4 f5 14. bxa6 Nxa6 15. Bxa6 Rxa6 16. Ng5 Qb6 17. Ne6 Rf7 18. Ra3 c4 19. Be3 Qb4 20. Nxg7 Kxg7 21. Na2 Qa5 22. Qxc4 fxe4 23. Nc3 Nf6 24. b4 Bxd5 25. Nxd5 Qxd5 26. Qxa6 Nd7 27. Qa7 e5 28. Qa5 Qc4 29. Qb5 Qc2 30. Rc1 Qb2 31. Rac3 d5 32. Qxd5 Qxb4 33. Rc4 Qb2 34. Rc7 Re7 35. Rxd7 Qa3 36. Qxe5+ Kf7 37. Qxe7+ Qxe7 38. Rxe7+ Kxe7 1-0

[Event "Germain Laplante U1900"]
[Site "Chambly CAN"]
[Date "2025.05.16"]
[Round "1.18"]
[White "Porlier, Xavier"]
[Black "Sanders, Marcus"]
[Result "1-0"]
[WhiteElo "1892"]
[BlackElo "1644"]
[WhiteFideId "-1"]
[WhiteFideId "-1"]
[PlyCount "53"]
[GameId "2179927463592118"]
[EventDate "2025.05.16"]
[EventType "swiss"]
[EventRounds "5"]
[EventCountry "CAN"]

1. e4 e6 2. d4 d5 3. Nc3 Bb4 4. e5 c5 5. a3 Bxc3+ 6. bxc3 Qa5 7. Bd2 Qa4 8. h4 Nc6 9. Qg4 Kf8 10. Nf3 Nge7 11. h5 h6 12. Ra2 b6 13. Qf4 Ba6 14. g4 Bxf1 15. Rxf1 Qb5 16. Ra1 Qb2 17. Rc1 Qxa3 18. Rg1 cxd4 19. cxd4 Rc8 20. Nh4 Qh3 21. Nf3 g5 22. Qe3 Nf5 23. gxf5 Qxf5 24. Nh2 Ra8 25. Ng4 Kg7 26. Nf6 Rhd8 27. f4 1-0

[Event "Germain Laplante U1900"]
[Site "Chambly CAN"]
[Date "2025.05.16"]
[Round "1.19"]
[White "Sonko, Babacar"]
[Black "Weston, Paul"]
[Result "1-0"]
[WhiteElo "1642"]
[BlackElo "1867"]
[WhiteFideId "-1"]
[WhiteFideId "-1"]
[PlyCount "45"]
[GameId "2186576132237914"]
[EventDate "2025.05.16"]
[EventType "swiss"]
[EventRounds "5"]
[EventCountry "CAN"]

1. e4 e5 2. Nf3 Nc6 3. Bc4 Be7 4. d4 d6 5. Nc3 Nf6 6. Be3 O-O 7. h3 exd4 8. Nxd4 Nxd4 9. Bxd4 Be6 10. Bd3 c6 11. f4 d5 12. e5 Ne8 13. f5 Bh4+ 14. Kf1 Qg5 15. Qf3 Nc7 16. Ne2 Qd8 17. g3 Be7 18. f6 c5 19. Bxh7+ Kxh7 20. Qh5+ Kg8 21. Qg5 g6 22. fxe7 Qd7 23. exf8=Q+ 1-0

[Event "Germain Laplante U1900"]
[Site "Chambly CAN"]
[Date "2025.05.16"]
[Round "1.20"]
[White "Duplessis-Masson, Vincent"]
[Black "Audouze, Oscar"]
[Result "0-1"]
[WhiteElo "1836"]
[BlackElo "1625"]
[WhiteFideId "-1"]
[WhiteFideId "-1"]
[PlyCount "60"]
[GameId "2179996616508777"]
[EventDate "2025.05.16"]
[EventType "swiss"]
[EventRounds "5"]
[EventCountry "CAN"]

1. c4 Nf6 2. Nc3 e6 3. g3 c5 4. e4 Nc6 5. Bg2 Be7 6. Nge2 e5 7. O-O d6 8. d3 h6 9. f4 Bd7 10. h3 O-O 11. a3 Nd4 12. fxe5 dxe5 13. Nxd4 cxd4 14. Nd5 Nxd5 15. exd5 a5 16. Bd2 a4 17. Bb4 Bxb4 18. axb4 Qb6 19. Qd2 Qg6 20. Kh2 h5 21. Ra3 f5 22. b5 f4 23. gxf4 exf4 24. Rf3 Rae8 25. Ra1 Re3 26. Raf1 Rf5 27. Kh1 Rfe5 28. R1f2 Re8 29. Rxf4 Rxd3 30. Qc2 Re1+ 0-1

[Event "Germain Laplante U1900"]
[Site "Chambly CAN"]
[Date "2025.05.16"]
[Round "1.21"]
[White "Kelly, Patrick"]
[Black "Hu, Raymond"]
[Result "1/2-1/2"]
[WhiteElo "1617"]
[BlackElo "1827"]
[WhiteFideId "-1"]
[WhiteFideId "-1"]
[PlyCount "89"]
[GameId "2179999597348239"]
[EventDate "2025.05.16"]
[EventType "swiss"]
[EventRounds "5"]
[EventCountry "CAN"]

1. e4 c5 2. Nc3 Nc6 3. Bb5 e6 4. Bxc6 bxc6 5. d3 d5 6. f4 Ne7 7. Nf3 Ba6 8. O-O g6 9. Qe1 Bg7 10. Rb1 c4 11. d4 O-O 12. e5 Rc8 13. g4 c5 14. Be3 cxd4 15. Nxd4 Qd7 16. Rd1 f5 17. g5 Kf7 18. a4 Rb8 19. Ndb5 Bxb5 20. Nxb5 a6 21. Nd6+ Kg8 22. Bc1 Qxa4 23. c3 Qc6 24. Rf3 Nc8 25. Nxc8 Rfxc8 26. Rh3 a5 27. Qh4 Kf7 28. Qf2 Rh8 29. Qa7+ Rb7 30. Qxa5 Qb6+ 31. Qxb6 Rxb6 32. Kf2 Bf8 33. Ke2 Bc5 34. Rg3 Ra8 35. h4 h5 36. gxh6 Rh8 37. Rh3 Rxh6 38. Rdh1 Rh5 39. R3h2 d4 40. cxd4 Bxd4 41. Kd1 Ke7 42. Kc2 Rb8 43. Rg2 Kf7 44. Rgh2 Bb6 45. Rd1 1/2-1/2

[Event "Germain Laplante U1900"]
[Site "Chambly CAN"]
[Date "2025.05.16"]
[Round "1.22"]
[White "Allaire, Denis"]
[Black "Roy, Stephane"]
[Result "1-0"]
[WhiteElo "1815"]
[BlackElo "1599"]
[WhiteFideId "-1"]
[WhiteFideId "-1"]
[PlyCount "129"]
[GameId "2180016556647831"]
[EventDate "2025.05.16"]
[EventType "swiss"]
[EventRounds "5"]
[EventCountry "CAN"]

1. e4 e5 2. Nf3 Nc6 3. Nc3 d6 4. d4 Bg4 5. d5 Nd4 6. Be3 Nxf3+ 7. gxf3 Bd7 8. Qd2 Ne7 9. f4 Ng6 10. f5 Nh4 11. O-O-O g6 12. fxg6 Nxg6 13. Kb1 c5 14. dxc6 bxc6 15. Bg5 Qb6 16. Bc4 Rb8 17. b3 Qb4 18. h4 Qxc4 19. Bf6 Rg8 20. h5 Qe6 21. hxg6 Qxf6 22. gxh7 Rh8 23. Rdg1 Ke7 24. Qg5 Qxg5 25. Rxg5 Kf6 26. Rg3 Bg7 27. Ne2 Rhe8 28. Rhg1 Bh8 29. Rg8 Ke7 30. Kc1 Be6 31. R8g3 f5 32. f3 Bf6 33. Kd2 Rh8 34. Rh1 d5 35. Rh6 dxe4 36. Rgg6 Rbf8 37. fxe4 f4 38. Ng1 Bd7 39. Nf3 Be8 40. Rg4 Rf7 41. Nh4 Bxh4 42. Rgxh4 f3 43. Ke1 c5 44. c4 a5 45. R4h5 Rf4 46. Rxe5+ Kf7 47. Kf2 Bd7 48. Rxc5 Rxe4 49. Rxa5 Kg7 50. Rd6 Re7 51. Ra7 Rd8 52. c5 Kxh7 53. c6 Re2+ 54. Kxf3 Rde8 55. Rdxd7+ Kg6 56. Rd6+ Kf5 57. Ra5+ R2e5 58. Rxe5+ Kxe5 59. Rd2 Rc8 60. Rc2 Kd6 61. Ke4 Kc7 62. b4 Rb8 63. a3 Ra8 64. Rc3 Re8+ 65. Kd3 1-0

[Event "Germain Laplante U1900"]
[Site "Chambly CAN"]
[Date "2025.05.16"]
[Round "1.23"]
[White "Filion, Yves"]
[Black "Gonzalez, Daniel"]
[Result "0-1"]
[WhiteElo "1597"]
[BlackElo "1792"]
[WhiteFideId "-1"]
[WhiteFideId "-1"]
[PlyCount "60"]
[GameId "2180049660380575"]
[EventDate "2025.05.16"]
[EventType "swiss"]
[EventRounds "5"]
[EventCountry "CAN"]

1. d4 Nf6 2. Nf3 d6 3. e3 g6 4. Be2 Bg7 5. c4 Bd7 6. O-O O-O 7. b4 c6 8. Bb2 Na6 9. a3 Nc7 10. Qc2 b5 11. Nbd2 a5 12. c5 axb4 13. axb4 Nfd5 14. Rxa8 Qxa8 15. Ra1 Qb7 16. Bc3 dxc5 17. bxc5 Nxc3 18. Qxc3 Ra8 19. Rxa8+ Qxa8 20. e4 Qa4 21. Qb3 Qa1+ 22. Nf1 Bxd4 23. Ng5 Ne6 24. Bg4 Nxg5 25. Bxd7 Nxe4 26. g3 Nxc5 27. Qf3 Nxd7 28. Qxc6 Qe1 29. Qf3 Nf6 30. Kg2 Qe4 0-1

[Event "Germain Laplante U1900"]
[Site "Chambly CAN"]
[Date "2025.05.16"]
[Round "1.24"]
[White "Messier, David"]
[Black "Song, Jiacai"]
[Result "0-1"]
[WhiteElo "1782"]
[BlackElo "1700"]
[WhiteFideId "-1"]
[WhiteFideId "-1"]
[PlyCount "96"]
[GameId "2180079755490730"]
[EventDate "2025.05.16"]
[EventType "swiss"]
[EventRounds "5"]
[EventCountry "CAN"]

1. d4 Nf6 2. c4 g6 3. Nc3 Bg7 4. e4 d6 5. Nf3 O-O 6. Be2 e5 7. O-O exd4 8. Nxd4 Re8 9. Bf3 Nc6 10. Nxc6 bxc6 11. Bf4 Bb7 12. c5 d5 13. Re1 d4 14. Na4 Nd7 15. h4 Qxh4 16. Bxc7 Ne5 17. g3 Nxf3+ 18. Qxf3 Qh3 19. Rad1 Bc8 20. Qg2 Qxg2+ 21. Kxg2 Ba6 22. e5 d3 23. b3 f6 24. f4 fxe5 25. fxe5 Bh6 26. Nb2 d2 27. Re4 Bc8 28. g4 Be6 29. Kg3 Bd5 30. Re2 Rf8 31. Rf2 Rxf2 32. Kxf2 Rf8+ 33. Ke2 Bf3+ 34. Kd3 Bxd1 35. Nxd1 Rf1 36. Kc2 Kf7 37. Ba5 Re1 38. Bc3 Rg1 39. Nf2 Rc1+ 40. Kb2 d1=Q 41. Nxd1 Rxd1 42. b4 Ke6 43. b5 cxb5 44. c6 Bf8 45. c7 Kd7 46. Kc2 Rd5 47. e6+ Kxc7 48. Bf6 Kd6 0-1